| 000 | 00467nam a22001697a 4500 | ||
|---|---|---|---|
| 003 | OSt | ||
| 082 |
_a627.52 _bANJ/AR |
||
| 088 | _aP 514 | ||
| 100 |
_aAnjali c v _94933 |
||
| 100 |
_aRachana v v _94934 |
||
| 100 |
_aSruthakeerthi P _94935 |
||
| 245 | _aArtificial neural network model for predicton of Runoff | ||
| 260 |
_aTavanur, KCAET _bDepartment of irrigation and drainage engineering _c2021 |
||
| 300 | _a61 P | ||
| 700 | _aAnu varughese (Guide) | ||
| 942 | _cPR | ||
| 999 |
_c17392 _d17392 |
||